| 000 | 00508nam a22001697a 4500 | ||
|---|---|---|---|
| 005 | 20140310183645.0 | ||
| 008 | 140108b xxu||||| |||| 00| 0 eng d | ||
| 020 | _a9780763714307 | ||
| 050 |
_aQR 41.2 _b.Al434 2003 |
||
| 100 | _aAlcamo, I. Edward | ||
| 245 |
_aMicrobes & society : _ban introduction to microbiology / _cI. Edward Alcamo. |
||
| 260 |
_aUSA : _bJones & Bartlett Publishers Inc., _c2003. |
||
| 300 |
_a442 p. : _c28 cm. |
||
| 650 | _aMicrobiology | ||
| 942 |
_2lcc _cBK _kFOR |
||
| 999 |
_c25923 _d25923 |
||